Easiest European Languages to Learn (with map) - Statistics

General Stats
  • This quiz has been taken 1,006 times
  • The average score is 11 of 12
Answers on the Map
Answers color-coded by a green-red scale on the quiz's map according to % correct below.
 
Answer Stats
Language % Correct
French
99%
Spanish
99%
Italian
98%
Portuguese
96%
Dutch
95%
Swedish
94%
Danish
91%
Norwegian
90%
Catalan
85%
Romanian
80%
Galician
66%
West Frisian
58%
No matching quizzes found
Score Distribution
Percent of People with Each Score
Percentile by Number Answered
Your Score History
You have not taken this quiz